Score 0/18 Timer 02:00
0 Plays Today
Movie Title Missing Word % Correct
Rebel Without a _____Cause
98.6%
Apocalypse _____Now
95.9%
Super _____ Bros.Mario
95.7%
The Texas _____ Massacre 2Chainsaw
95.2%
_____ GritTrue
94.6%
Cool Hand _____Luke
92.9%
Gunfight at the OK _____Corral
84.5%
Hang 'Em _____High
82%
Alpha and _____Omega
76.8%
Movie Title Missing Word % Correct
Easy _____Rider
74.3%
_____ VelvetBlue
73.7%
Luck of the _____ Draw
65.9%
Boiling _____Point
63.8%
_____ of the BlueOut
52%
River's _____Edge
48.8%
The _____ of Katie ElderSons
33.4%
Rumble _____Fish
28.4%
True _____Romance
17%

Today's Daily Dose

Missing Word
'T' Pairs

Word Ladder
Game Pieces

Get the Picture
Baseball Movies

Remove Ads.
Support Sporcle.
Get the best of Sporcle when you Go Orange. This ad-free experience offers more features, more stats, and more fun while also helping to support Sporcle. Thank you for becoming a member.

You're not logged in!

Compare scores with friends on all Sporcle quizzes.
OR
Log In

Show Comments

Extras

Top Quizzes Today


Score Distribution

Your Account Isn't Verified!

In order to create a playlist on Sporcle, you need to verify the email address you used during registration. Go to your Sporcle Settings to finish the process.

Report this User

Report this user for behavior that violates our Community Guidelines.

Details: